Microsoft Excel 2010 complete / (Record no. 3453)

000 -LEADER
fixed length control field 02626cam a2200397 a 4500
001 - CONTROL NUMBER
control field 16446179
003 - CONTROL NUMBER IDENTIFIER
control field OSt
005 - DATE AND TIME OF LATEST TRANSACTION
control field 20161010104444.0
008 - FIXED-LENGTH DATA ELEMENTS--GENERAL INFORMATION
fixed length control field 100903s2011 maua 001 0 eng d
010 ## - LIBRARY OF CONGRESS CONTROL NUMBER
LC control number 2010936381
020 ## - INTERNATIONAL STANDARD BOOK NUMBER
International Standard Book Number 9781111529529
020 ## - INTERNATIONAL STANDARD BOOK NUMBER
International Standard Book Number 1111529523
035 ## - SYSTEM CONTROL NUMBER
System control number (OCoLC)ocn641528159
040 ## - CATALOGING SOURCE
Original cataloging agency BTCTA
Language of cataloging eng
Transcribing agency BTCTA
Modifying agency YDXCP
-- EYP
-- DLC
042 ## - AUTHENTICATION CODE
Authentication code lccopycat
050 00 - LIBRARY OF CONGRESS CALL NUMBER
Classification number HF5548.4.P35 2011
082 00 - DEWEY DECIMAL CLASSIFICATION NUMBER
Classification number 005.54
Edition number 23
110 2# - MAIN ENTRY--CORPORATE NAME
Corporate name or jurisdiction name as entry element Pasewark and Pasewark.
245 10 - TITLE STATEMENT
Title Microsoft Excel 2010 complete /
Statement of responsibility, etc by Pasewark and Pasewark, Sandra Cable, Robin M. Romer.
246 3# - VARYING FORM OF TITLE
Title proper/short title Microsoft Office Excel 2010 complete
260 ## - PUBLICATION, DISTRIBUTION, ETC. (IMPRINT)
Place of publication, distribution, etc Boston :
Name of publisher, distributor, etc Course Technology/Cengage Learning,
Date of publication, distribution, etc c2011.
300 ## - PHYSICAL DESCRIPTION
Extent xxiv, [556] p. :
Other physical details col. ill. ;
Dimensions 29 cm.
500 ## - GENERAL NOTE
General note Includes index.
505 0# - FORMATTED CONTENTS NOTE
Formatted contents note Microsoft Office 2010 and the Internet -- Microsoft Excel basics -- Changing the appearance of a worksheet -- Organizing the worksheet -- Entering worksheet formulas -- Using functions -- Enhancing a worksheet -- Working wih multiple worksheets and workbooks -- Working with charts -- Applying advanced formats to worksheets -- Using advanced chart features -- Improving data accuracy -- Creating PivotTables and PivotCharts -- Using powerful Excel functions -- Creating and using macros -- Working with auditing and analysis tools -- Protecting, tracking, and sharing workbooks -- Importing and exporting data.
520 ## - SUMMARY, ETC.
Summary, etc Designed for beginning users of Excel 2010, this self-paced, step-by-step book with corresponding screen shots makes learning easy and enjoyable. Learn the new features of the Office software through a variety of activities, simulations, and case studies. Each application section includes review questions, additional projects, and business simulations. Abundant end-of-lesson materials feature hands-on projects and critical thinking exercises. Includes online companion website.
630 00 - SUBJECT ADDED ENTRY--UNIFORM TITLE
Uniform title Microsoft Excel (Computer file)
650 #0 - SUBJECT ADDED ENTRY--TOPICAL TERM
Topical term or geographic name as entry element Electronic spreadsheets
General subdivision Computer programs.
700 1# - ADDED ENTRY--PERSONAL NAME
Personal name Cable, Sandra.
700 1# - ADDED ENTRY--PERSONAL NAME
Personal name Romer, Robin M.
856 42 - ELECTRONIC LOCATION AND ACCESS
Materials specified Contributor biographical information
Uniform Resource Identifier <a href="http://www.loc.gov/catdir/enhancements/fy1303/2010936381-b.html">http://www.loc.gov/catdir/enhancements/fy1303/2010936381-b.html</a>
856 42 - ELECTRONIC LOCATION AND ACCESS
Materials specified Publisher description
Uniform Resource Identifier <a href="http://www.loc.gov/catdir/enhancements/fy1303/2010936381-d.html">http://www.loc.gov/catdir/enhancements/fy1303/2010936381-d.html</a>
856 41 - ELECTRONIC LOCATION AND ACCESS
Materials specified Table of contents only
Uniform Resource Identifier <a href="http://www.loc.gov/catdir/enhancements/fy1303/2010936381-t.html">http://www.loc.gov/catdir/enhancements/fy1303/2010936381-t.html</a>
906 ## - LOCAL DATA ELEMENT F, LDF (RLIN)
a 7
b cbc
c copycat
d 2
e ncip
f 20
g y-gencatlg
942 ## - ADDED ENTRY ELEMENTS (KOHA)
Source of classification or shelving scheme
Koha item type Book
Holdings
Withdrawn status Lost status Source of classification or shelving scheme Damaged status Not for loan Home library Current library Shelving location Date acquired Total Checkouts Full call number Barcode Date last seen Copy number Price effective from Koha item type
          Riara University Library Riara University Library General stack 10/10/2016   HF5548.4.P35 2011 8356/16 10/10/2016 C.1 10/10/2016 Book

Riara University Library,
P.O. Box 49940-00100,
Nairobi, Kenya.